Представление документа в формате RUSMARC

ПолеНазваниеЗначение
  Тип записи a
  Библиографический уровень m
001 Контрольный номер RU/CBS_UL/BASE/db38d747eec140e888ef50a27c072cf1
005 Дата корректировки 20230317094836.1
010 Индекс ISBN __
d Цена 7 000 р. 00 к.
9 Тираж экз.
100 Данные общей обработки __
a Данные общей обработки 20230317d 0rusy0189## ca
101 Язык документа 0_
a Язык текста rus
102 Страна публикации __
a Страна публикации RU
200 Заглавие и сведения об ответственности 1_
a Заглавие 100 лучших сочинений
e Сведения, относящиеся к заглавию для школьников и абитуриентов
210 Выходные данные 1_
a Место издания Санкт-Петербург
c Издательство Санкт-Петербург оркестр
d Дата издания 1995
215 Физическое описание __
a Объем 207 с.
d Формат см.
225 Серия 2_
a Серия Шпаргалка
300 Общие примечания __
a Общие примечания 12+
300 Общие примечания __
a Общие примечания Под инв. номером 48495: 28-1, 30-1
606 Тематические рубрики 0_
a Основная рубрика Методика преподавания языков и литературы - Сочинения
610 Ключевые слова 0_
a Ключевые слова сборники, сочинения, как писать сочинения, лучшие сочинения, сочинения образцовые, темы сочинений, творческие работы
686 Индексы других классификаций __
2 Код системы rubbk
a Классификационный индекс 74.261
801 Источник записи _0
a Страна RU
b Организация МБУК ЦБС г. Ульяновска
c Дата составления 20230317
g Правила каталогизации RCR
801 Источник записи _1
a Страна RU
b Организация МБУК ЦБС г. Ульяновска
c Дата составления 20230317
g Правила каталогизации RCR
852 Данные о местонахождении __
i Авторский знак С 81
j Шифр хранения 74.26
901 Тип документа __
t Тип документа m